[Event "E World Cup"]
[Site "Khanty Mansiysk"]
[Date "2019.09.20"]
[Round "28.2"]
[White "Duda, Jan Krzysztof"]
[Black "Xiong, Jeffery"]
[Result "1-0"]
[WhiteElo "2730"]
[BlackElo "2707"]
[EventDate "2019.??.??"]
[Annotator "Bojkov,Dejan"]
[PlyCount "83"]
[Beauty "7564511162445"]
[EventType "schev"]
[EventRounds "3"]
[EventCountry "RUS"]

1.c4 c5 2.Nf3 Nc6 3.Nc3 Nf6 4.g3 d5 5.cxd5 Nxd5 6.Bg2 Nc7 7.O-O g6 ( {Duda expected a more "central" line:} 7...e5 8.a3 Be7 9.Rb1 O-O 10.b4 cxb4 11.axb4 b5 ) 8.Na4 ( {White did not get anything in the following Women Speed Chess Championship game:} 8.d3 Bg7 9.Be3 Ne6 10.Rc1 O-O 11.Qd2 Rb8 12.Bh6 b6 13.Bxg7 Kxg7 14.Ng5 Nxg5 15.Qxg5 Bb7 16.Rfd1 e5 17.Qxd8 Rfxd8 {Harika, D (2492) -Sebag,M (2476) chess.com INT 2019} ) 8...Ne6 ( {Otherwise there might be problems along the diagonals:} 8...b6 9.d4 ( 9.e3 ) 9...cxd4 10.Bf4 {(Duda)} ) 9.d3 Ncd4 10.Be3 {"I am winning a pawn and this cannot be bad, right?" (Duda)} ( {White was also considering} 10.Nxd4 cxd4 11.b4 {"It is very pleasant for White." (Duda)} ) 10...Bg7 11.Rc1 O-O $1 $146 {A novelty and the best move under the circumstances. Xiong spotted non-obvious counterplay.} ( {A predecessor saw Black burning down in flames after} 11...Qd6 12.Nd2 f5 13.Nb3 Nxb3 14.Qxb3 Nd4 15.Bxd4 cxd4 16.Nc5 Qb6 17.Qa4+ Kf7 18.Bd5+ e6 19.Bxb7 {1-0 (19) Endzelins,L-Nikkanen,P Finland 1977} ) 12.Nxc5 Nf5 13.Nxe6 ( {From the theoretical point of view, this move is not optimal. After the accurate} 13.Bd2 $1 Nxc5 14.Rxc5 Bxb2 15.Qb3 Bg7 16.Rfc1 {"White is a little better" (Duda)} ) 13...Bxe6 14.Bc5 ( {Otherwise Black will get enough counterplay thanks to his strong dark-squared bishop:} 14.b3 Nxe3 15.fxe3 Qb6 ) 14...Bxb2 15.Rb1 Bg7 16.Rxb7 {"I decided to sacrifice the exchange." (Duda)} 16...Qc8 $1 17.Rb5 a6 18.Ra5 {Now the rook is stuck on a5 and in order to free it White needs to sacrifice some material.} 18...Bc3 19.Qa4 ( {Another way to sacrifice the exchange was:} 19.Bb6 Bxa5 20.Bxa5 Rb8 ) 19...Rb8 $1 {Duda said he had forgotten about this move, and that it threatens 20...Bd7 21.Qa3 Bb2 winning the queen.} ( {It's better than} 19...Bxa5 20.Qxa5 Rb8 21.Qa3 {which is a much better version of the sacrifice that White got into the game.} ) 20.d4 $1 {There is nothing else.} ( {The point behind Xiong's idea is that White can not free himself with:} 20.Rc1 $2 {due to:} 20...Bd7 21.Qa3 Bb2 {when Black wins.} ) 20...Bxa5 21.Qxa5 {Black won an exchange, but White has the bishop pair and a solid pawn structure. Xiong's next move is an inaccuracy.} 21...Rb2 {This wins another pawn, but now White's center expands.} ( {Instead he should have slowed White down in the center with} 21...Bd5 22.Re1 Rb5 23.Qc3 Nd6 ) 22.e4 $1 Nd6 23.Qa3 Rxa2 24.Qe3 {"White always has compensation as he can push the central pawns." (Duda)} 24...f6 {The queen sortie to h6 was not yet dangerous.} ( {Therefore} 24...Qb7 {deserved serious investigation, e.g.} 25.d5 ( 25.Ne5 $5 ) ( 25.Qh6 f6 ) 25...Bd7 26.Qh6 f6 ) 25.Rc1 Qd7 {In the wrong direction!} ( {After} 25...Qb7 $1 26.d5 Bd7 ) ( {or} 25...Qb8 $5 {Black would be looking into the future without any fear.} ) 26.d5 Bh3 27.Bxh3 Qxh3 {The trade of the bishops looked logical but in reality it weakened the e6 square.} 28.Bxd6 ( {Even better was the direct:} 28.Nd4 $1 Rb8 29.Nc6 Rb7 30.Nxe7+ Rxe7 31.Bxd6 {with advantage for White.} ) 28...exd6 29.Nd4 Rc8 ( {Duda realized here that Black can defend himself with} 29...Rb8 $1 30.Ne6 Rab2 31.Qa7 R2b7 {followed by Rb7-b1 with counter-chances. If Black can keep the opponent's queen away he would be safe.} ) 30.Nc6 Re8 31.Nd4 Rc8 ( {After} 31...Qd7 32.Ne6 Rb2 33.Rc7 Rb1+ 34.Kg2 Qb5 {White can still play for a win with} 35.Kh3 $1 ) 32.Rb1 Ra4 33.Ne6 {The knight on e6 defended by a pawn is as good as a rook, Kasparov would say. Here it is better than any of the black rooks and Xiong's defense is very difficult.} 33...Rac4 34.Re1 g5 {Now comes the fantastic:} ( {Duda felt that Black should be already losing anyway. However:} 34...a5 $1 35.Qa7 Qh6 36.Qxa5 ( 36.Kg2 a4 ) 36...Rc1 $1 {with the same old idea of trading the rooks and keeping White busy might have saved Black.} ) 35.e5 $3 {A breakthrough into Black's most defended square after which his position falls apart.} 35...dxe5 ( {Nothing helps:} 35...Qf5 36.exd6 Qxd5 37.Qa7 {(Duda)} ) 36.Qa7 Qh6 37.d6 Rc1 38.Rxc1 Rxc1+ 39.Kg2 g4 {Mate is threatened, but it is all under control:} 40.h4 gxh3+ 41.Kh2 Qg6 42.Qa8+ ( {From afar White planned:} 42.Qb7 {which also wins, but slowlier.} ) ( {"The only thing to be aware of is not to get checkmated after:"} 42.Qe7 $4 Rh1+ 43.Kxh1 Qe4+ {(Duda)} ) ( 42.Qa8+ {Black resigned due to:} 42...Kf7 43.d7 {The white queen protects him on the long diagonal.} ) 1-0

[Event "E World Cup"]
[Site "Khanty Mansiysk"]
[Date "2019.09.21"]
[Round "29.8"]
[White "Dominguez Perez, Leinier"]
[Black "Grischuk, Alexander"]
[Result "1-0"]
[WhiteElo "2763"]
[BlackElo "2759"]
[EventDate "2019.??.??"]
[Annotator "Bojkov,Dejan"]
[PlyCount "81"]
[Beauty "7633230636073"]
[EventType "schev"]
[EventRounds "3"]
[EventCountry "RUS"]

1.e4 e5 2.Nf3 Nc6 3.Bc4 {Italian for a win. Not Berlin!} 3...Bc5 4.c3 Nf6 5.d3 d6 6.Bg5 h6 7.Bh4 a6 8.a4 Ba7 9.Nbd2 Qe7 10.O-O ( {Black's defense is easier after} 10.Qe2 Be6 11.b4 Bxc4 12.Nxc4 Qe6 13.Bxf6 Qxf6 14.O-O O-O 15.b5 Nd8 16.Rfb1 axb5 17.axb5 Ne6 {Yu,Y (2736)-Aronian,L (2756) Riga 2019} ) 10...g5 11.Bg3 Nd7 12.b4 $146 {Dominguez came very well prepared for the game. This move is a novelty. What's more important: the Cuban-American GM managed to get an extremely complex position. Not a single pawn has been traded yet, and the battle is going on all over the board.} ( {A recent game saw} 12.Bd5 Nf8 13.Nc4 h5 14.h4 g4 15.Ne1 Ng6 16.b4 Nd8 17.b5 {Martirosyan,H (2616) -Hovhannisyan,R (2634) Yerevan 2019.} ) 12...Nf8 13.b5 Nd8 $1 ( {The a-file should be kept blocked, as the following line suggests:} 13...axb5 $2 14.axb5 Nd8 15.b6 $1 cxb6 16.d4 {when Black's center crumbles.} ) ( {The other square for the knight will leave it permanently out of the game} 13...Na5 $6 14.Ba2 h5 15.d4 h4 {Then White can even afford playing like this:} 16.Bxe5 $1 dxe5 17.Nxe5 {with a strong attack through the center.} ) 14.d4 ( {Here the immediate} 14.Bd5 $5 {deserves serious attention. The point is to provoke the weakening move} 14...c6 {when} 15.Ba2 h5 {gives a chance for White to explore the weakness with} 16.Nc4 h4 17.Nxd6+ $1 ) 14...Ng6 15.h3 h5 16.Bd5 {A tad late, but White hardy has any other choice.} 16...c6 {Most likely unnecessary.} ( {Grischuk might have done better with} 16...g4 17.hxg4 h4 18.Bh2 h3 19.bxa6 ( {or} 19.g3 Bxg4 20.bxa6 exd4 {when the excluded bishop on h2 should not make White happy.} ) 19...hxg2 20.Re1 Bxg4 {Black's kingside attack looks more serious than the initiative of the opponent on the other wing.} ) 17.Bb3 g4 18.hxg4 Bxg4 ( {Black also had other choices, such as:} 18...h4 19.Bh2 h3 ) 19.Qb1 {Breaking the pin at once and preparing the move b5-b6.} 19...Rc8 ( {Here too} 19...h4 {is possible when after} 20.Bh2 h3 21.g3 ( {Not as good is} 21.b6 hxg2 22.Kxg2 {when the white king is badly exposed.} ) 21...Qf6 22.Bd1 {The position can hardly be evaluated correctly. Both sides have problematic pieces; however, White can always hope to get his bishops out and prove their superiority, such as in this line:} 22...exd4 23.cxd4 Bxf3 24.Nxf3 Bxd4 25.Nxd4 Qxd4 26.bxc6 bxc6 27.Ra2 ) 20.bxa6 bxa6 21.Qd3 h4 22.Bh2 Ne6 {Quickly to f4!} ( {Once again Grischuk has a vast choice:} 22...h3 23.g3 Qf6 ) ( {Or even the computer move} 22...Rc7 $5 {that removes the rook away from the tempo:} 23.Qxa6 h3 {In both cases with a double-edged position.} ) 23.Bd1 {Not only defending but attacking the Bg4.} 23...Nef4 24.Qxa6 O-O {An inaccuracy.} ( {Stronger seems} 24...Rc7 25.Nxe5 dxe5 26.Bxg4 Qg5 27.Bf3 exd4 28.cxd4 Bxd4 29.Rab1 {And only then} 29...O-O {For the pawn Black keeps a strong grip on the position.} ) 25.Nxe5 $1 dxe5 26.Bxg4 Qg5 27.Bf3 Ra8 ( {Apparently now there is no time for} 27...exd4 28.Qxa7 ) 28.Qc4 {The pawn on d4 survives and thanks to it Dominguez has the king in safety. With his next move Grischuk still tries to prove that he has enough initiative on the kingside, but blunders.} 28...Nxg2 $2 ( {After} 28...h3 $1 29.Bxf4 Qxf4 30.Rfd1 hxg2 {it would have been anyone's game.} ) 29.Kh1 $3 {Brilliant! The attack for Black is over and it will be White to mate along the g-file.} ( {Instead} 29.Bxg2 h3 30.Bg3 hxg2 31.Rfd1 {would have made Black happy after either} 31...Kg7 ( {or} 31...Qg4 ) ) 29...Qxd2 ( {Nothing changes} 29...h3 30.Rad1 ) 30.Rad1 {defending the central pawn.} ( {Not as good is} 30.Bxg2 exd4 ) 30...Ne3 ( {Or} 30...Qh6 31.Bxg2 Rab8 32.Bh3 {with similar consequences.} ) 31.fxe3 Qxe3 32.Rd3 Qh6 33.Bg4 {A remarkable turnaround. White's long-ranged pieces come into the game, and the attack is unstoppable. The previously gorgeous black pieces sadly observe the laughter from the opposite corners of the board.} 33...Rae8 34.Rdf3 Re7 35.Bf5 {This bishop, which does not have an opponent, is especially annoying.} 35...Nf4 ( {Or} 35...Kh8 36.Qxc6 ) 36.Bxf4 exf4 37.Rxf4 Rb8 ( 37...Kh8 {should not change anything after} 38.e5 ) 38.Rg4+ Kf8 ( {If} 38...Kh8 39.Rfg1 ) 39.Bg6 $1 {It is over.} 39...Rbb7 40.Qxc6 Qe3 41.Rxh4 1-0

[Event "E World Cup"]
[Site "Khanty Mansiysk"]
[Date "2019.09.23"]
[Round "37.1"]
[White "Grischuk, Alexander"]
[Black "Ding, Liren"]
[Result "1/2-1/2"]
[WhiteElo "2759"]
[BlackElo "2811"]
[EventDate "2019.??.??"]
[Annotator "Bojkov,Dejan"]
[PlyCount "82"]
[Beauty "6051072063503"]
[EventType "schev"]
[EventRounds "3"]
[EventCountry "RUS"]

1.d4 Nf6 2.c4 e6 3.Nf3 d5 4.g3 dxc4 {"Maybe I should study some Catalans with ...dxc4." (Grischuk)} 5.Bg2 a6 6.O-O Nc6 7.e3 Rb8 8.Nfd2 e5 9.Bxc6+ bxc6 10.dxe5 Ng4 11.Nxc4 Be6 12.Qe2 ( {Ding has positive experience in this line as White:} 12.Nbd2 h5 13.f3 Rb4 14.fxg4 Bxc4 15.Nxc4 Qxd1 16.Rxd1 Rxc4 17.Bd2 Rxg4 {Ding,L (2777)-Mamedyarov,S (2799) Huaian 2017} ) 12...h5 13.Rd1 Qc8 14.Qf3 $146 {A novelty. At his stage Ding was an hour ahead on the clock and Grischuk was severely worried about his king safety.} ( {A predecessor saw White winning after} 14.Nbd2 h4 15.Nf1 hxg3 16.hxg3 Rb4 ( {However, lots of ifs and buts were left behind the scenes. For example, what if} 16...Bd5 $1 ) ( {Or} 16...Rb5 $1 ) 17.b3 Bd5 18.f3 Bc5 19.fxg4 Rh1+ 20.Kf2 f5 {Vorobiov,E (2586)-Goudriaan,E (2375) Leiden 2012} ) 14...Rb6 {"An excellent move." (Grischuk) Instead of defending Black sacrifices the exchange in return for light-squared domination.} ( {Ding didn't want to play} 14...Bd5 {because he didn't like} 15.Rxd5 cxd5 16.Qxd5 {and Grischuk then prolonged the line:} 16...Qf5 17.f3 Qc2 ( 17...Nh6 18.Nc3 ) 18.Qc6+ {and claimed he would have given perpetual check.} ( {Not} 18.Nbd2 $2 Qd1+ 19.Kg2 Qe2+ {and mate.} ) 18...Kd8 19.Qd5+ ( {Once again White can try to develop:} 19.Nbd2 {This time his queen is not hanging on d5, but there does not seem to be an adequate defense after} 19...Qd1+ 20.Nf1 Nxh2 21.Kxh2 Rh6 $3 {e.g.} ( 21...Qxf1 22.e6 Qf2+ ( 22...fxe6 23.Ne5 Qf2+ {leads to the same perpetual.} ) 23.Kh3 Qf1+ {is a repetition only.} ) 22.Nd6 ( 22.Qe4 Qxf1 {changes nothing.} ) 22...Bxd6 23.exd6 ( {In the endgame too, White comes short of one move to organize himself:} 23.e4 Be7 24.Qd5+ Qxd5 25.exd5 Rhb6 26.b3 Rb5 27.Ne3 Bc5 28.Nc4 Bd4 {with a large advantage for the second player.} ) 23...Qe2+ $1 24.Kg1 Rxd6 25.Qa4 Rd1 {Black is winning. Either the players missed the Rh8-h6 idea, or their super-computers found something exceptional.} ) ( 19.fxg4 Qxc1+ 20.Kg2 Rxb2+ ) 19...Ke8 ( {However, the main question remained: How would White save himself after} 19...Kc8 $1 20.fxg4 Qxc1+ 21.Kg2 hxg4 {does not seem playable at all.} ) 20.Qc6+ ) 15.Nxb6 cxb6 16.h4 {White sensibly decides to keep the h-file blocked.} ( {However, in the line} 16.Nc3 $5 h4 ( 16...Nxe5 17.Qe4 ) 17.h3 Nxe5 18.Qe4 Qc7 19.g4 {it is not yet clear how would Black profit from the opponent's kingside weakening.} ) ( {In the line} 16.Nd2 h4 17.h3 Nxe5 18.Qe4 Bd6 19.g4 f5 {Black's initiative is overwhelming.} ) 16...Nxe5 17.Qf4 ( {Worse is} 17.Qe4 f6 18.Nc3 ( 18.Nd2 Bd5 ) 18...Bg4 ) 17...Ng6 18.Qe4 Be7 19.Nc3 {At last Grischuk finds a moment to develop his queenside.} 19...Bf5 {"Not the most accurate" ((Ding)} ( {Instead the Chinese GM suggested the improvement} 19...Bg4 $1 20.Re1 ( 20.Rd2 O-O {does not seem natural at all.} ) ( {Whereas} 20.f3 {is always met with} 20...f5 ) 20...f5 21.Qg2 ( 21.Qd4 Bf6 22.Qxb6 Ne5 ) 21...Ne5 {In these lines White does not have enough time to lock the light squares with the timely f2-f3.} ) 20.Qh1 $1 {"Very important. I finally thought I am more or less OK." (Grischuk)} ( {An important detail is} 20.Qg2 Ne5 21.f3 g5 22.e4 Bh3 $1 {With tempo!} 23.Qe2 gxh4 {and Black has a strong attack.} ) 20...Ne5 21.f3 {"[After this move] my position is not so promising." (Ding)} 21...Bc2 $5 {Temporarily disturbing the harmony in the enemy camp.} ( {Here} 21...g5 22.e4 Bh3 23.Bxg5 {is good only for White} ) ( {but} 21...Bc5 $5 {at once might have been more to the point.} ) 22.Rd2 Bg6 23.Qg2 ( {White could even have fought for more with} 23.e4 f5 24.Re2 ) 23...O-O 24.Rd1 Qf5 25.Rf1 Qe6 26.Ne2 ( {Against the natural development} 26.Bd2 {Black planned} 26...Bd3 27.Rfe1 ( 27.Rf2 Nc4 ) 27...Qf6 {when he does not need to fear} 28.f4 $2 Ng4 ) 26...Nd3 27.Kh2 $1 {Another sensible, important move.} ( {The king might get a cold after} 27.Rd1 Bc5 ) 27...Rd8 ( {Here} 27...Bc5 {is met with} 28.Nf4 Nxf4 29.gxf4 ) 28.e4 ( {Grischuk was low on time. Otherwise he might have tried} 28.Rd1 $1 c5 29.e4 {with the idea} 29...f5 $2 30.Rxd3 Rxd3 31.Nf4 ) 28...f5 29.exf5 ( {The position should be dynamically balanced in the line} 29.Nf4 Nxf4 30.Bxf4 fxe4 31.fxe4 Bxe4 32.Qe2 {as well.} ) 29...Qxf5 30.Nf4 Bf7 31.Nxd3 Rxd3 32.Bf4 {Again a sensible, down-to-earth approach. Grischuk finishes the development and as he put it, later made a draw from a position of strength.} ( {The other developing move} 32.Bg5 Bxg5 33.hxg5 Qxg5 34.Rad1 Rxd1 35.Rxd1 Bxa2 {would drop a second pawn.} ) 32...Bxh4 33.Rad1 Rxd1 34.Rxd1 Bf6 {For the exchange Black has enough: the a pawn and the bishop pair.} 35.b3 g5 36.Bc7 Bd5 37.Qe2 g4 ( {The forcing line} 37...Bxf3 38.Qe8+ Kg7 39.Rd7+ Kh6 40.Qf8+ Kg6 41.Qg8+ Kh6 {looks dangerous for Black but there is nothing more than a perpetual check.} ) 38.Qd3 Qxd3 39.Rxd3 gxf3 40.Bxb6 Be5 41.Bd4 ( {White could have also tried} 41.Rd1 {but the point should be split here as well after} 41...Kf7 ( {Less good is} 41...h4 42.Bf2 ) ) 41...Be4 ( 41...Be4 {A drawn pawn endgame arises by force after} 42.Rd2 Bxd4 43.Rxd4 f2 44.Rd1 Bd3 45.Kg2 f1=Q+ 46.Rxf1 Bxf1+ 47.Kxf1 Kf7 ) 1/2-1/2